| 000 | 01505nam a22003614a 4500 | ||
|---|---|---|---|
| 001 | ebr10358545 | ||
| 003 | CaPaEBR | ||
| 006 | m u | ||
| 007 | cr cn||||||||| | ||
| 008 | 110420s2009 enka sb 001 0 eng | ||
| 010 | _z 008026998 | ||
| 020 | _z9780195326765 (pbk. : alk. paper) | ||
| 020 | _z0195326768 (pbk. : alk. paper) | ||
| 040 |
_aCaPaEBR _cCaPaEBR |
||
| 035 | _a(OCoLC)437114796 | ||
| 050 | 1 | 4 |
_aHV713 _b.S89 2009eb |
| 082 | 0 | 4 |
_a362.7068/3 _222 |
| 245 | 0 | 0 |
_aChild welfare supervision _h[electronic resource] : _ba practical guide for supervisors, managers, and administrators / _cedited by Cathryn C. Potter, Charmaine R. Brittain. |
| 260 |
_aOxford ; _aNew York : _bOxford University Press, _c2009. |
||
| 300 |
_axv, 375 p. : _bill. |
||
| 504 | _aIncludes bibliographical references and index. | ||
| 533 |
_aElectronic reproduction. _bPalo Alto, Calif. : _cebrary, _d2013. _nAvailable via World Wide Web. _nAccess may be limited to ebrary affiliated libraries. |
||
| 650 | 0 |
_aChild welfare _xAdministration. |
|
| 650 | 0 |
_aChild welfare _xManagement. |
|
| 650 | 0 | _aSocial work administration. | |
| 650 | 0 |
_aSocial workers _xSupervision of. |
|
| 650 | 0 |
_aChild welfare workers _xSupervision of. |
|
| 655 | 7 |
_aElectronic books. _2local |
|
| 700 | 1 | _aPotter, Cathryn C. | |
| 700 | 1 | _aBrittain, Charmaine. | |
| 710 | 2 | _aebrary, Inc. | |
| 856 | 4 | 0 |
_uhttp://site.ebrary.com/lib/rucke/Doc?id=10358545 _zAn electronic book accessible through the World Wide Web; click to view |
| 999 |
_c107690 _d107690 |
||